00731nam a2200145 4500008004100000082001700041245017200058260003600230260006300266300003200329650003500361650003000396700002600426856013300452231215b |||||||| |||| 00| 0 eng d a374.012bGLO aWriting the wrongs, international benchmarks on adult literacy:bBased on research funded by the Education for All Global Monitoring Report 2006 & UNESCO November 2005 a [London],:b[ActionAid],c2005 a[Johannesburg]:b[Global Campaign for Education],c [2005] a 79 p. : color ill. ; 30 cm aElementary education of adults aLiteracy programs- Africa aArcher, David ecomp. uhttps://www.right-to-education.org/sites/right-to-education.org/files/resource-attachments/Archer_Writing_the_Wrongs_2005_En.pdf